<?xml version="1.0" encoding="UTF-8"?>
<record
    xmlns:xsi="http://www.w3.org/2001/XMLSchema-instance"
    xsi:schemaLocation="http://www.loc.gov/MARC21/slim http://www.loc.gov/standards/marcxml/schema/MARC21slim.xsd"
    xmlns="http://www.loc.gov/MARC21/slim">

  <leader>00744nam a22002177a 4500</leader>
  <controlfield tag="005">20250429111259.0</controlfield>
  <controlfield tag="008">250429b        |||||||| |||| 00| 0 eng d</controlfield>
  <datafield tag="020" ind1=" " ind2=" ">
    <subfield code="a">9789386668554</subfield>
  </datafield>
  <datafield tag="040" ind1=" " ind2=" ">
    <subfield code="c">AIMIT LIBRARY</subfield>
  </datafield>
  <datafield tag="082" ind1=" " ind2=" ">
    <subfield code="2">2</subfield>
    <subfield code="a">658.15</subfield>
    <subfield code="b">PARN</subfield>
  </datafield>
  <datafield tag="100" ind1=" " ind2=" ">
    <subfield code="a">Parasuraman, N. R.</subfield>
    <subfield code="9">209041</subfield>
  </datafield>
  <datafield tag="245" ind1=" " ind2=" ">
    <subfield code="a">Financial Management :</subfield>
    <subfield code="b">step by step approach /</subfield>
    <subfield code="c">By N.R. Parasuraman.</subfield>
  </datafield>
  <datafield tag="250" ind1=" " ind2=" ">
    <subfield code="a">2nd ed.</subfield>
  </datafield>
  <datafield tag="260" ind1=" " ind2=" ">
    <subfield code="a">New Delhi :</subfield>
    <subfield code="b">Cengage Learning India Pvt Ltd ,</subfield>
    <subfield code="c">2023.</subfield>
  </datafield>
  <datafield tag="300" ind1=" " ind2=" ">
    <subfield code="a">xxv,803p.;</subfield>
    <subfield code="b">PB</subfield>
    <subfield code="c">26.5 cm.</subfield>
  </datafield>
  <datafield tag="650" ind1=" " ind2=" ">
    <subfield code="a">Capital budgeting</subfield>
    <subfield code="9">209042</subfield>
  </datafield>
  <datafield tag="650" ind1=" " ind2=" ">
    <subfield code="a">Working capital managemenrt</subfield>
    <subfield code="9">209043</subfield>
  </datafield>
  <datafield tag="650" ind1=" " ind2=" ">
    <subfield code="a">Financial planning and forecasting</subfield>
    <subfield code="9">209044</subfield>
  </datafield>
  <datafield tag="650" ind1=" " ind2=" ">
    <subfield code="a">Advanced topics in finance</subfield>
    <subfield code="9">209045</subfield>
  </datafield>
  <datafield tag="942" ind1=" " ind2=" ">
    <subfield code="2">ddc</subfield>
    <subfield code="c">BK</subfield>
    <subfield code="e">2nd ed.</subfield>
    <subfield code="k">658.15 PARN</subfield>
  </datafield>
  <datafield tag="999" ind1=" " ind2=" ">
    <subfield code="c">234264</subfield>
    <subfield code="d">234264</subfield>
  </datafield>
  <datafield tag="952" ind1=" " ind2=" ">
    <subfield code="0">0</subfield>
    <subfield code="1">0</subfield>
    <subfield code="2">ddc</subfield>
    <subfield code="4">0</subfield>
    <subfield code="7">0</subfield>
    <subfield code="8">MBA</subfield>
    <subfield code="a">AIMIT</subfield>
    <subfield code="b">AIMIT</subfield>
    <subfield code="c">FM</subfield>
    <subfield code="d">2025-03-17</subfield>
    <subfield code="e">Biblios Book Point</subfield>
    <subfield code="g">895.00</subfield>
    <subfield code="i">Bill.no:7480; Bill.dt:2025/03/12</subfield>
    <subfield code="l">1</subfield>
    <subfield code="o">658.15 PARN</subfield>
    <subfield code="p">MBA15090</subfield>
    <subfield code="r">2025-07-21 00:00:00</subfield>
    <subfield code="s">2025-05-13</subfield>
    <subfield code="v">760.75</subfield>
    <subfield code="w">2025-04-29</subfield>
    <subfield code="y">BK</subfield>
  </datafield>
  <datafield tag="952" ind1=" " ind2=" ">
    <subfield code="0">0</subfield>
    <subfield code="1">0</subfield>
    <subfield code="2">ddc</subfield>
    <subfield code="4">0</subfield>
    <subfield code="7">0</subfield>
    <subfield code="8">MBA</subfield>
    <subfield code="a">AIMIT</subfield>
    <subfield code="b">AIMIT</subfield>
    <subfield code="c">FM</subfield>
    <subfield code="d">2025-03-17</subfield>
    <subfield code="e">Biblios Book Point</subfield>
    <subfield code="g">895.00</subfield>
    <subfield code="i">Bill.no:7480; Bill.dt:2025/03/12</subfield>
    <subfield code="l">0</subfield>
    <subfield code="o">658.15 PARN</subfield>
    <subfield code="p">MBA15091</subfield>
    <subfield code="r">2025-07-21 00:00:00</subfield>
    <subfield code="v">760.75</subfield>
    <subfield code="w">2025-04-29</subfield>
    <subfield code="y">BK</subfield>
  </datafield>
</record>
